Packging Makeovers (Record no. 239420)

MARC details
000 -LEADER
fixed length control field 00303pam a2200133 a 4500
020 ## - INTERNATIONAL STANDARD BOOK NUMBER
Terms of availability
041 ## - LANGUAGE CODE
Language code of original
082 ## - DEWEY DECIMAL CLASSIFICATION NUMBER
Classification number 688.8
Item number GOR
100 ## - MAIN ENTRY--PERSONAL NAME
Personal name Stacey King Gordon.
245 ## - TITLE STATEMENT
Title Packging Makeovers
Medium Textual Documents
260 ## - PUBLICATION, DISTRIBUTION, ETC.
Place of publication, distribution, etc. [s.l]:
Name of publisher, distributor, etc. Blackpart Publishers
300 ## - PHYSICAL DESCRIPTION
Extent 160:
Other physical details Hard.
930 ## - EQUIVALENCE OR CROSS-REFERENCE-UNIFORM TITLE HEADING [LOCAL, CANADA]
Uniform title 5630
Holdings
Withdrawn status Lost status Damaged status Not for loan Collection Home library Current library Date acquired Source of acquisition Cost, normal purchase price Total Checkouts Full call number Barcode Date last seen Copy number Price effective from Koha item type
          College of Fine Arts, Pune College of Fine Arts, Pune 13/11/2010 Bhararti Sahakari Grahak Bhandar 1550.00   688.8 GOR FAP-5924 07/03/2023 1 07/03/2023 Book